| 000 | 00663nam a2200205Ia 4500 | ||
|---|---|---|---|
| 003 | GCL | ||
| 008 | 140319s9999 xx 000 0 ara d | ||
| 040 |
_aGCL / _cGCL |
||
| 082 | 0 | 4 |
_a215.12 _bم ر |
| 100 | 1 | _aعبدالرحمن بن مهدى | |
| 245 | 1 | 0 |
_aالرسالة / _cعبدالرحمن بن مهدى |
| 700 | 1 | _aاحمد محمد شاكر | |
| 700 | 1 | _aالشافعى، ابوعبدالله محمد بن ادريس، 767-819 م | |
| 260 |
_a[S.N] : _bلجنة الاعلام والدراسات المستقبلية |
||
| 300 | _a670 ص | ||
| 490 | _a | ||
| 650 | 0 | 4 | _aالاسلام |
| 650 | 0 | 4 | _aالدين الاسلامى |
| 942 |
_2ddc _cBK |
||
| 999 |
_c52870 _d52870 |
||